Statistics for Star Wars Characters By Lightsaber Colors

Click here to take the quiz!

General Stats

  • This quiz has been taken 42 times
  • The average score is 11 of 32

Answer Stats

HintAnswer% Correct
PurpleMace Windu
88%
BlueObi Wan Kenobi
82%
Blue/RedAnakin Skywalker
79%
GreenYoda
79%
Count Dooku
73%
Blue/GreenLuke Skywalker
73%
Darth Maul
64%
Qui Gon Jinn
58%
Plo Koon
52%
Blue/Green/WhiteAhsoka Tano
48%
Kit Fisto
45%
Ki Adi Mundi
39%
Yaddle
36%
Blue/Green/Purple/Cyan/Red/
Magenta/Indigo/Yellow/Orange
Cal Kestis
30%
General Grievous
30%
Yellow/RedGrand Inquisitor
27%
Asajj Ventress
24%
Shaak Ti
24%
Yellow/BlueRey Palpatine
21%
Ben Solo
18%
Ezra Bridger
18%
Kanan Jarrus
18%
Leia Organa
18%
Barriss Offee
15%
Savage Opress
15%
RedSheev Palpatine
15%
Depa Billaba
6%
Eeth Koth
6%
Jocasta Nu
3%
Luminara Undili
3%
Sabine Wren
3%
Sifo-Dyas
0%

Score Distribution

Percentile by Number Answered

Percent of People with Each Score

Your Score History

You have not taken this quiz